Skip to main content
Your cart is empty.
Your lists
Log in to create your own lists
Your cookies
العربية
English
العربية
Home
Search
Advanced search
Authority search
About
The noble scholar, jurist, historian
His Excellency Dr. Abdul Wahhab bin Ibrahim Abu Sulaiman, may Allah have mercy on him.
He was born in Umm Al-Qura in the year 1356 AH.
Library catalog
Title
Author
Subject
ISBN
ISSN
Series
Call number
Log in to your account
×
Login:
Password:
Home
MARC view: فقه الخلافة وتطورها لتصبح عصبة أمم شرقية /
Normal view
MARC view
ISBD view
فقه الخلافة وتطورها لتصبح عصبة أمم شرقية / (Record no. 8405)
[
view plain
]
MARC details
000 -LEADER
fixed length control field
02487cam a2200361 i 4500
003 - CONTROL NUMBER IDENTIFIER
control field
SA-RiAUC
005 - DATE AND TIME OF LATEST TRANSACTION
control field
20250527074614.0
008 - FIXED-LENGTH DATA ELEMENTS--GENERAL INFORMATION
fixed length control field
250524s1989 ua g b f00000 ara c
020 ## - INTERNATIONAL STANDARD BOOK NUMBER
International Standard Book Number
9770120162
024 0# - OTHER STANDARD IDENTIFIER
Standard number or code
00000000858968
040 ## - CATALOGING SOURCE
Original cataloging agency
SA-JeALM
Language of cataloging
ara
Transcribing agency
SA-RiAUC
Modifying agency
AE-DuMBRL
Description conventions
rda
041 1# - LANGUAGE CODE
Language code of text/sound track or separate title
ara
Language code of original
fre
050 #4 - LIBRARY OF CONGRESS CALL NUMBER
Item number
.S26 1989
082 04 - DEWEY DECIMAL CLASSIFICATION NUMBER
Classification number
257.1
Assigning agency
SA-RiAUC
090 ## - LOCALLY ASSIGNED LC-TYPE CALL NUMBER (OCLC); LOCAL CALL NUMBER (RLIN)
Classification number (OCLC) (R) ; Classification number, CALL (RLIN) (NR)
257.1
Local cutter number (OCLC) ; Book number/undivided call number, CALL (RLIN)
س ن هـ
100 1# - MAIN ENTRY--PERSONAL NAME
Personal name
السنهوري، عبد الرزاق بن أحمد السنهوري،
Titles and words associated with a name
باشا،
Dates associated with a name
1895-1971
Relator term
مؤلف.
245 10 - TITLE STATEMENT
Title
فقه الخلافة وتطورها لتصبح عصبة أمم شرقية /
Statement of responsibility, etc.
تأليف عبد الرزاق أحمد السنهوري ؛ ترجمة نظرية الخلافة الجديدة للدكتورة نادية عبد الرزاق السنهوري ؛ مراجعة وتعليقات وتقديم الدكتور توفيق محمد الشاوي.
264 #1 - PRODUCTION, PUBLICATION, DISTRIBUTION, MANUFACTURE, AND COPYRIGHT NOTICE
Place of production, publication, distribution, manufacture
القاهرة :
Name of producer, publisher, distributor, manufacturer
الهيئة المصرية العامة للكتاب،
Date of production, publication, distribution, manufacture, or copyright notice
1989.
300 ## - PHYSICAL DESCRIPTION
Extent
394 صفحة ؛
Dimensions
24 × 17 سم
336 ## - CONTENT TYPE
Content type term
نص
Content type code
txt
Source
rdacontent
Materials specified
كتاب
337 ## - MEDIA TYPE
Media type term
بدون وسيط
Media type code
n
Source
rdamedia
338 ## - CARRIER TYPE
Carrier type term
مجلد
Carrier type code
nc
Source
rdacarrier
500 ## - GENERAL NOTE
General note
إهداء من المقدم توفيق محمد الشاوي بتاريخ 1489/2/7 هـ
504 ## - BIBLIOGRAPHY, ETC. NOTE
Bibliography, etc. note
ببليوجرافية : صفحة 375-384.
520 ## - SUMMARY, ETC.
Summary, etc.
هذه الدراسة تناولت الخلافة من وجهة نظر مزدوجة من الناحيتين النظرية والتاريخية، وقد انصب الجزء النظري على "نظرية الخلافة" كما عرضها الفقهاء المسلمون في فقه الخلافة، وفي الجزء التاريخي عني المؤلف بصفة خاصة باستخلاص المعلومات التي اشتملت عليها الكتب العديدة الخاصة بهذا الموضوع سواء ما كتبه المسلمون أو الغربيون متجنبا التفاصيل التي يمكن أن تحول دون أن الخروج من البحث بنتائج محددة.
546 ## - LANGUAGE NOTE
Language note
ورد على صفحة العنوان : نشر باللغة الفرنسية عام 1926 م.
650 #7 - SUBJECT ADDED ENTRY--TOPICAL TERM
Topical term or geographic name entry element
الخلافة
Source of heading or term
aucsh
650 #7 - SUBJECT ADDED ENTRY--TOPICAL TERM
Topical term or geographic name entry element
الأحكام السلطانية
Source of heading or term
aucsh
700 1# - ADDED ENTRY--PERSONAL NAME
Personal name
السنهوري، نادية عبد الرزاق
Relator term
مترجم.
700 1# - ADDED ENTRY--PERSONAL NAME
Personal name
الشاوي، توفيق محمد،
Dates associated with a name
1918-2009
Relator term
مراجع.
942 ## - ADDED ENTRY ELEMENTS (KOHA)
Source of classification or shelving scheme
Dewey Decimal Classification
Koha item type
Books
Suppress in OPAC
No
949 ## - LOCAL PROCESSING INFORMATION (OCLC)
a
SA-JeALM
d
250524
u
mohamedma123
n
1
Holdings
Withdrawn status
Lost status
Source of classification or shelving scheme
Damaged status
Not for loan
Collection
Home library
Current library
Date acquired
Total checkouts
Full call number
Barcode
Date last seen
Price effective from
Koha item type
Dewey Decimal Classification
اهداء
DR AbdElwahab Library
DR AbdElwahab Library
05/27/2025
257.1 س ن هـ
000014083
05/27/2025
05/27/2025
Books
Place hold
Print
Add to your cart
(remove)
Save record
BIBTEX
Dublin Core
MARCXML
MARC (non-Unicode/MARC-8)
MARC (Unicode/UTF-8)
MARC (Unicode/UTF-8, Standard)
MODS (XML)
RIS
ISBD
More searches
Search for this title in:
Other Libraries (WorldCat)
Other Databases (Google Scholar)
Online Stores (Bookfinder.com)
Open Library (openlibrary.org)
Exporting to Dublin Core...
×
Simple DC-RDF
OAI-DC
SRW-DC